00341nam a22001337a 4500003000400000005001700004008004100021020001700062040000700079082001000086100002400096245006700120260002000187OSt20211013133101.0211013b |||||||| |||| 00| 0 eng d a978159874577 chu a304.2 ajeffrey g snodgrass aindigenous peopels and the collaborative stewardship of nature ausabhallc2010